[Event "Lichtenberger Sommer 2023"]
[Site "Berlin"]
[Date "2023.08.20"]
[Round "9.74"]
[White "Schade, Stanley"]
[Black "Bade, Heidrun"]
[Result "1-0"]
[WhiteElo "1500"]
[BlackElo "1722"]
[PlyCount "65"]
[EventDate "2023.??.??"]
[WhiteTeam "vereinslos"]
[BlackTeam "USV Potsdam e.V., Abt. Schach"]

1. e4 e5 2. Nf3 Nc6 3. Bb5 a6 4. Ba4 Nf6 5. d3 b5 6. Bb3 Be7 7. Nc3 d6 8. Nd5
h6 9. c3 Be6 10. Nxf6+ Bxf6 11. Bc2 Ne7 12. O-O O-O 13. d4 Ng6 14. d5 Bd7 15.
Nd2 Nf4 16. Nf3 Ng6 17. Kh1 Qc8 18. Ng1 Rb8 19. a3 Qd8 20. Ne2 c5 21. dxc6 Bxc6
22. f4 Qc7 23. f5 Ne7 24. Ng3 d5 25. Qg4 Kh7 26. Nh5 Ng8 27. Nxf6+ Nxf6 28. Qh4
Ng8 29. exd5 Bxd5 30. f6+ g6 31. Rf5 Qc6 32. Rh5 Qxf6 33. Rxh6+ 1-0

[Event "Lichtenberger Sommer 2023"]
[Site "Berlin"]
[Date "2023.08.20"]
[Round "9.75"]
[White "Reekers, Anton"]
[Black "Müller, Johannes"]
[Result "0-1"]
[WhiteElo "1508"]
[BlackElo "1651"]
[PlyCount "60"]
[EventDate "2023.??.??"]
[WhiteTeam "SC Kreuzberg e.V."]
[BlackTeam "SC Eintracht Berlin e.V."]

1. d4 Nf6 2. Nc3 d5 3. Bf4 c6 4. e3 Bf5 5. Nf3 h6 6. h3 e6 7. Be2 Bb4 8. a3 Ba5
9. O-O Bxc3 10. bxc3 Qa5 11. c4 O-O 12. cxd5 Nxd5 13. Bd3 Bxd3 14. Qxd3 Nxf4
15. exf4 Nd7 16. Rab1 b6 17. Rfd1 Qd5 18. Ne5 Nxe5 19. fxe5 Rad8 20. c3 Rd7 21.
Rb2 Rfd8 22. Kh1 c5 23. Rbd2 Qb3 24. Qa6 Qxc3 25. Rd3 Qa5 26. Qc4 cxd4 27. Rxd4
Rxd4 28. Rxd4 Rxd4 29. Qxd4 Qxa3 30. Qd8+ Kh7 0-1

[Event "Lichtenberger Sommer 2023"]
[Site "Berlin"]
[Date "2023.08.20"]
[Round "9.76"]
[White "Krawczyk, Harald"]
[Black "Koerber, Bernhard"]
[Result "1/2-1/2"]
[WhiteElo "1641"]
[BlackElo "1451"]
[PlyCount "85"]
[EventDate "2023.??.??"]
[WhiteTeam "SG Rot-Weiß Neuenhagen"]
[BlackTeam "SG Lasker Stegli"]

1. d4 Nf6 2. c4 g6 3. Nc3 d5 4. Bf4 c6 5. e3 Bg7 6. Nf3 Bf5 7. cxd5 Nxd5 8. a3
Nxf4 9. exf4 Bg4 10. Be2 Bxf3 11. Bxf3 Qxd4 12. Qb3 Qd7 13. O-O O-O 14. Ne4 b6
15. Rad1 Qc7 16. g3 e6 17. Rd2 Rd8 18. Rc2 a5 19. Rfc1 Ra7 20. Nd2 c5 21. Nc4
Ra6 22. Be2 Nc6 23. Qe3 Nd4 24. Rd2 Nxe2+ 25. Rxe2 Raa8 26. Qb3 Rab8 27. Qb5
Qd7 28. Qb3 Qc6 29. Rec2 Bd4 30. Qa2 Rb7 31. Qb3 Ra8 32. Qd3 Qd5 33. Qe2 Rd8
34. Qe1 Qc6 35. Qe2 Rbd7 36. b4 axb4 37. axb4 Qb7 38. bxc5 bxc5 39. Ne5 Rd5 40.
Nc4 Qb5 41. Qf3 Qb8 42. Qe2 Qc7 43. Qf3 1/2-1/2

[Event "Lichtenberger Sommer 2023"]
[Site "Berlin"]
[Date "2023.08.20"]
[Round "9.77"]
[White "Beduschi, Ben"]
[Black "Kellner, Rene"]
[Result "1/2-1/2"]
[WhiteElo "1604"]
[BlackElo "1480"]
[PlyCount "51"]
[EventDate "2023.??.??"]
[WhiteTeam "Barnimer SF im SV Sta"]
[BlackTeam "Potsdamer SV Mitte e.V."]

1. d4 d5 2. Bf4 c6 3. e3 Nf6 4. Nf3 Bg4 5. Nbd2 e6 6. h3 Bxf3 7. Nxf3 Bd6 8.
Ne5 O-O 9. Bd3 Qc7 10. O-O Nbd7 11. Nxd7 Nxd7 12. Bxd6 Qxd6 13. c4 dxc4 14.
Bxc4 Nb6 15. Bb3 Rfd8 16. Qe2 Rac8 17. Rac1 Qb4 18. Qe1 Qb5 19. Qc3 Nd5 20.
Bxd5 exd5 21. a3 Qb6 22. b4 a6 23. a4 g6 24. Qc5 Qc7 25. a5 Re8 26. Rfe1
1/2-1/2

[Event "Lichtenberger Sommer 2023"]
[Site "Berlin"]
[Date "2023.08.20"]
[Round "9.78"]
[White "Vaz da Cruz, Vinicius"]
[Black "Lange, Christoph"]
[Result "1-0"]
[WhiteElo "1600"]
[BlackElo "1320"]
[PlyCount "51"]
[EventDate "2023.??.??"]
[WhiteTeam "SSV Rotation Berlin e.V."]
[BlackTeam "TSG Oberschöneweide e.V."]

1. e4 e5 2. Nf3 Nc6 3. Bc4 Bc5 4. c3 Nf6 5. d3 h6 6. O-O d6 7. b4 Bb6 8. a4 a6
9. Be3 Bxe3 10. fxe3 O-O 11. Bb3 Re8 12. Nbd2 Be6 13. Bc2 Qd7 14. d4 exd4 15.
exd4 Bg4 16. Qe1 Bxf3 17. Rxf3 Kf8 18. Rd1 Re7 19. e5 dxe5 20. Rxf6 exd4 21.
Qh4 Rae8 22. Rxh6 g6 23. Qf6 Re1+ 24. Rxe1 Rxe1+ 25. Kf2 Qe6 26. Rh8# 1-0

[Event "Lichtenberger Sommer 2023"]
[Site "Berlin"]
[Date "2023.08.20"]
[Round "9.79"]
[White "Lotzmanov, Peter"]
[Black "Reißmann, Edmund"]
[Result "1-0"]
[WhiteElo "1591"]
[BlackElo "1094"]
[PlyCount "83"]
[EventDate "2023.??.??"]
[WhiteTeam "BSG Stahl Eisenhüttenstadt e.V."]
[BlackTeam "SV Erzgebirge Stollber"]

1. e4 e6 2. d4 d5 3. Nd2 dxe4 4. Nxe4 Bd7 5. Nf3 Bc6 6. Bd3 Nf6 7. Ned2 Bd6 8.
O-O O-O 9. Nc4 Be7 10. Nfe5 Qxd4 11. Bxh7+ Nxh7 12. Qxd4 Rd8 13. Qc3 Bf6 14.
Qe3 Bb5 15. a4 Bc6 16. c3 Bd5 17. Qe2 Nd7 18. Nxd7 Rxd7 19. Ne5 Rd6 20. Bf4
Bxe5 21. Bxe5 Rc6 22. Rfd1 Nf8 23. Qg4 Ng6 24. Qg3 Rc5 25. Bxc7 Rc8 26. Bf4 Bb3
27. Be3 Rd5 28. Rxd5 Bxd5 29. Bxa7 Bb3 30. a5 Bc4 31. h4 Ne7 32. Qg5 Nf5 33.
Rd1 Bd5 34. Rxd5 exd5 35. Qxf5 Ra8 36. Qe5 Kh7 37. Bd4 f6 38. Qh5+ Kg8 39.
Qxd5+ Kh8 40. h5 Re8 41. h6 Re1+ 42. Kh2 1-0

[Event "Lichtenberger Sommer 2023"]
[Site "Berlin"]
[Date "2023.08.20"]
[Round "9.80"]
[White "Hafermann, Lara"]
[Black "Rapp, David"]
[Result "1-0"]
[WhiteElo "1590"]
[BlackElo "1271"]
[PlyCount "99"]
[EventDate "2023.??.??"]
[WhiteTeam "SC Borussia Lichtenberg"]
[BlackTeam "SV Königsjäger Süd-West e.V."]

1. Nf3 d5 2. g3 Nc6 3. Bg2 e5 4. d3 g6 5. O-O Bg7 6. Nbd2 Nge7 7. Re1 O-O 8. e4
dxe4 9. Nxe4 Re8 10. Bg5 Bg4 11. Qd2 Qd7 12. Nf6+ Bxf6 13. Bxf6 Qf5 14. Nxe5
Qxf6 15. Nxg4 Qg7 16. Qf4 f5 17. Ne5 Nxe5 18. Qxe5 c6 19. a4 Kf8 20. b4 Nd5 21.
Qxg7+ Kxg7 22. Bxd5 cxd5 23. Kf1 Rac8 24. Rxe8 Rxe8 25. Re1 Rxe1+ 26. Kxe1 Kf6
27. Kd2 Ke5 28. f4+ Kd6 29. Kc3 a6 30. Kd4 h6 31. c4 dxc4 32. dxc4 b6 33. c5+
bxc5+ 34. bxc5+ Kc6 35. h4 h5 36. a5 Kc7 37. Kd5 Kd7 38. c6+ Kc7 39. Ke6 Kxc6
40. Kf6 Kb5 41. Kxg6 Kxa5 42. Kxh5 Kb4 43. Kg5 a5 44. h5 a4 45. h6 a3 46. h7 a2
47. h8=Q Kb3 48. Kxf5 Kc2 49. Qa1 Kb3 50. g4 1-0

[Event "Lichtenberger Sommer 2023"]
[Site "Berlin"]
[Date "2023.08.20"]
[Round "9.82"]
[White "Geiß, Anne"]
[Black "Ettel, Ralf"]
[Result "1-0"]
[WhiteElo "1437"]
[BlackElo "1511"]
[PlyCount "92"]
[EventDate "2023.??.??"]
[WhiteTeam "SC Kreuzberg e.V."]
[BlackTeam "SK König Tegel 1949 e.V."]

1. e4 c5 2. Nf3 Nc6 3. Bb5 d6 4. Bxc6+ bxc6 5. O-O Bg4 6. d3 Nf6 7. Nbd2 e5 8.
h3 Bh5 9. b3 Be7 10. Qe1 O-O 11. Nh2 Re8 12. Nc4 Qd7 13. Ne3 Bg6 14. Neg4 h5
15. Nxf6+ Bxf6 16. c4 Red8 17. Be3 Qe7 18. Qa5 Rd7 19. Rad1 Bg5 20. Bxg5 Qxg5
21. Nf3 Qf4 22. Qd2 Qf6 23. Ng5 d5 24. Qe3 Rad8 25. f4 exf4 26. Qxf4 Qxf4 27.
Rxf4 Re8 28. exd5 cxd5 29. d4 f6 30. Nf3 cxd4 31. Rfxd4 Bf7 32. c5 Rc8 33. b4
a5 34. a3 Re7 35. Kf2 Kf8 36. Rc1 Rec7 37. h4 Ke7 38. Nd2 a4 39. Nf1 Kd7 40.
Ne3 Kc6 41. Rcd1 Rd8 42. Nf5 Bg8 43. Nd6 Rxd6 44. cxd6 Kxd6 45. R1d2 Rc3 46.
R4d3 Rc4 1-0

[Event "Lichtenberger Sommer 2023"]
[Site "Berlin"]
[Date "2023.08.20"]
[Round "9.84"]
[White "Rotermund, Verena"]
[Black "Zesewitz, Uwe"]
[Result "1-0"]
[WhiteElo "1553"]
[BlackElo "1378"]
[PlyCount "87"]
[EventDate "2023.??.??"]
[WhiteTeam "Vorw.Orient Mainz"]
[BlackTeam "SV SF Friedrichshagen"]

1. e4 d6 2. d4 Nf6 3. Bd3 c6 4. f3 Qb6 5. Ne2 Nbd7 6. O-O e5 7. c3 Be7 8. Kh1
Qc7 9. Ng3 Nb6 10. a4 Be6 11. b3 h5 12. Nf5 Bxf5 13. exf5 h4 14. Nd2 O-O-O 15.
Ne4 Nxe4 16. fxe4 f6 17. a5 Na8 18. Be3 exd4 19. cxd4 d5 20. exd5 Bd6 21. dxc6
bxc6 22. Bg1 Bg3 23. h3 Rde8 24. Qf3 Qd6 25. Rac1 Kd7 26. d5 Qxd5 27. Qxd5+
cxd5 28. Bb5+ Kd6 29. Bxe8 Rxe8 30. Bxa7 Re4 31. Bc5+ Ke5 32. a6 Bf4 33. Rce1
Kxf5 34. Rxe4 dxe4 35. a7 g5 36. b4 Ke5 37. b5 e3 38. Re1 Ke4 39. b6 Kd3 40.
Rxe3+ Bxe3 41. Bxe3 Kxe3 42. b7 Nb6 43. b8=Q Nd5 44. a8=Q 1-0

[Event "Lichtenberger Sommer 2023"]
[Site "Berlin"]
[Date "2023.08.20"]
[Round "9.85"]
[White "Ali, Maha"]
[Black "Bernhofen, Helmut"]
[Result "1-0"]
[WhiteElo "1325"]
[BlackElo "1549"]
[PlyCount "117"]
[EventDate "2023.??.??"]
[WhiteTeam "SK Zehlendorf e.V."]
[BlackTeam "SC Kreuzberg e.V."]

1. d4 Nf6 2. c4 g6 3. Nc3 Bg7 4. e4 d6 5. Be2 O-O 6. Be3 e5 7. d5 a5 8. h4 Qd7
9. h5 Ng4 10. Bd2 f5 11. f3 Nf6 12. hxg6 f4 13. gxh7+ Nxh7 14. Bd3 Qe7 15. Qe2
Na6 16. Qf2 Nb4 17. Bb1 Qg5 18. a3 Na6 19. Nge2 Nc5 20. Bc2 a4 21. g3 Nb3 22.
Bxb3 axb3 23. Qh2 Qg6 24. gxf4 exf4 25. Nxf4 Ng5 26. Nxg6 Nxf3+ 27. Ke2 Nxh2
28. Nxf8 Bg4+ 29. Kd3 Nf3 30. Ng6 Nxd2 31. Kxd2 Bf3 32. Rhf1 Bh6+ 33. Kd3 Bh5
34. Rh1 Bxg6 35. Rxh6 Kg7 36. Rh2 Rf8 37. Rg2 Rf3+ 38. Ke2 Rh3 39. Rag1 Rh6 40.
Nb5 Kf6 41. Nxc7 Bxe4 42. Rf2+ Ke5 43. Rg5+ Kd4 44. Ne6+ Kxc4 45. Ke3 Rh4 46.
Rf4 Rh3+ 47. Kxe4 Rh2 48. Ke3+ Kb5 49. Nc7+ Kc5 50. Kd3 Rc2 51. Rgg4 b5 52.
Nxb5 Kxb5 53. Rb4+ Kc5 54. Rbc4+ Rxc4 55. Rxc4+ Kxd5 56. a4 Ke5 57. a5 d5 58.
a6 dxc4+ 59. Kxc4 1-0

[Event "Lichtenberger Sommer 2023"]
[Site "Berlin"]
[Date "2023.08.20"]
[Round "9.86"]
[White "Schacht, Thomas"]
[Black "Rohde, Carmen"]
[Result "1-0"]
[WhiteElo "1518"]
[BlackElo "1000"]
[PlyCount "79"]
[EventDate "2023.??.??"]
[WhiteTeam "BSV 63 Chemie Weißensee"]
[BlackTeam "SV Mattnetz Berlin e.V."]

1. d4 d6 2. c4 Nf6 3. Nc3 Nc6 4. Bg5 g6 5. Bxf6 exf6 6. e3 Bg7 7. Bd3 b6 8. Qa4
Bd7 9. Qc2 Nb4 10. Qd2 O-O 11. Be4 Rb8 12. Nge2 f5 13. Bf3 Re8 14. a3 Na6 15.
O-O Be6 16. Qd3 Qg5 17. c5 bxc5 18. Qxa6 Rxb2 19. Rab1 Rb6 20. Rxb6 axb6 21.
Qd3 c4 22. Qb1 Ra8 23. Bxa8 Qd8 24. Bc6 d5 25. Qb5 Bf8 26. a4 Bd6 27. g3 f4 28.
Nxf4 Qg5 29. Ncxd5 Bf5 30. Qxc4 Be4 31. Nf6+ Qxf6 32. Bxe4 Qe7 33. Bg2 Kg7 34.
Rc1 g5 35. Nd5 Qd7 36. Nxc7 Ba3 37. Rb1 h5 38. Rxb6 Bd6 39. Ne8+ Kf8 40. Nxd6
1-0

[Event "Lichtenberger Sommer 2023"]
[Site "Berlin"]
[Date "2023.08.20"]
[Round "9.87"]
[White "Hildebrand, Azat"]
[Black "Sauer, Jakob"]
[Result "0-1"]
[WhiteElo "1419"]
[BlackElo "1353"]
[PlyCount "58"]
[EventDate "2023.??.??"]
[WhiteTeam "SC Borussia Lichtenberg"]
[BlackTeam "TSG Oberschöneweide e.V."]

1. d4 d5 2. Nf3 Nf6 3. e3 Bf5 4. Bd3 Bxd3 5. Qxd3 c6 6. Nbd2 e6 7. O-O Bd6 8.
c4 Nbd7 9. b3 O-O 10. Bb2 Qe7 11. Ne5 Ba3 12. Bxa3 Qxa3 13. f4 Qe7 14. Rf3 h6
15. Raf1 c5 16. Rh3 cxd4 17. exd4 Nxe5 18. fxe5 Nh7 19. Rf4 f5 20. exf6 Rxf6
21. Rxf6 Qxf6 22. Rf3 Qe7 23. Qg6 Rf8 24. Rh3 Rf6 25. Qg3 Ng5 26. Rh4 Qa3 27.
Qb8+ Rf8 28. Qxb7 Qc1+ 29. Nf1 Qxf1# 0-1

[Event "Lichtenberger Sommer 2023"]
[Site "Berlin"]
[Date "2023.08.20"]
[Round "9.88"]
[White "Maart, Hagen"]
[Black "Franchina, Giuseppe"]
[Result "1-0"]
[WhiteElo "1334"]
[BlackElo "1200"]
[PlyCount "35"]
[EventDate "2023.??.??"]
[WhiteTeam "Kieler SG von 18"]
[BlackTeam "vereinslos"]

1. e4 e5 2. Nf3 Nc6 3. Bb5 Nf6 4. O-O Bd6 5. Re1 O-O 6. Nc3 Ne7 7. d4 c6 8.
dxe5 cxb5 9. exf6 Ng6 10. Qxd6 Qa5 11. b4 Qd8 12. fxg7 Kxg7 13. Bb2 Kg8 14.
Nxb5 Re8 15. Qd4 Kf8 16. Qg7+ Ke7 17. Bf6+ Ke6 18. Ng5# 1-0

[Event "Lichtenberger Sommer 2023"]
[Site "Berlin"]
[Date "2023.08.20"]
[Round "9.89"]
[White "Biermann, Oliver"]
[Black "Dragnev, Stoyan"]
[Result "0-1"]
[WhiteElo "1174"]
[BlackElo "1100"]
[PlyCount "60"]
[EventDate "2023.??.??"]
[WhiteTeam "SC Kreuzberg e.V."]
[BlackTeam "vereinslos"]

1. d4 d5 2. Nf3 c6 3. Bf4 Bf5 4. c4 e6 5. Nc3 Nf6 6. e3 Bb4 7. Qb3 Bxc3+ 8.
bxc3 b6 9. Ne5 Ne4 10. Bd3 Qh4 11. Bg3 Qg5 12. Rc1 Nxg3 13. hxg3 Bxd3 14. Qa4
Be4 15. Nxc6 O-O 16. cxd5 Bxd5 17. Qc2 g6 18. Nb4 Bxg2 19. Rh2 Bd5 20. Kd2 Bc4
21. Rch1 h5 22. Rh4 Rd8 23. Ke1 Bd5 24. Nxd5 Rxd5 25. e4 Ra5 26. e5 Nc6 27. Qe2
Qc1+ 28. Qd1 Qxc3+ 29. Qd2 Qxd2+ 30. Kxd2 Rxa2+ 0-1